| 000 | 00864nam a22002417a 4500 | ||
|---|---|---|---|
| 001 | 113787 | ||
| 003 | DR-UNIBE | ||
| 005 | 20250701112058.0 | ||
| 008 | 250626b2016 dr ||||| |||| 00| 0 spa d | ||
| 040 |
_aBIBLIOTECA UNIBE _bspa _cBIBLIOTECA UNIBE _erda |
||
| 041 | _aspa | ||
| 082 | _aF-RD 5975 | ||
| 100 | 1 |
_aReyes Ramírez, Betty M. _eautor _9196847 |
|
| 245 | 1 | 0 |
_aEvaluación de competencias en el nivel primario : _bfundamentos teóricos-metodológicos / _cBetty M. Reyes Ramírez |
| 260 |
_a[Lugar de publicación no identificado] : _bMINERD, _c2016 |
||
| 300 | _a24 páginas | ||
| 650 | 7 |
_2lemb _aCompetitividad |
|
| 650 | 7 |
_2lemb _aPersonal docente |
|
| 650 | 7 |
_2lemb _aEducación |
|
| 700 | 1 |
_aMontás D´Oleo, Bertha Marcily _ediseñador y diagramador _9196779 |
|
| 700 | 1 |
_aCeballos Díaz, Rita Ma _ecoordinador y revisor _9196846 |
|
| 942 |
_2ddc _cMX |
||
| 999 |
_c113787 _d113787 |
||